| 000 | 00987nam a2200265 a 4500 | ||
|---|---|---|---|
| 001 | 000024899 | ||
| 005 | 20200930023434.0 | ||
| 008 | 110207s1989 cu a r 000 0 spa d | ||
| 040 |
_aDO-SdBNP _bspa _cBNPHU |
||
| 082 |
_a616.462 _bM425q, 1989 |
||
| 100 | 1 |
_aMateo de Acosta, Oscar _951121 |
|
| 245 | 1 | 0 |
_aLo que todo diabético debe saber / _cOscar Mateo de Acosta, Rosario García González ; edición María Elena Espinosa Pérez, Emilio Hernández Váldez. |
| 250 | _a2a ed. | ||
| 260 |
_aLa Habana, Cuba : _bCiencias Médicas, _c1989. |
||
| 300 |
_a162, [6] p. : _bil. ; _c21 cm. |
||
| 650 | 4 |
_aDiabetes _99373 |
|
| 650 | 4 |
_aHipoglicemia _951122 |
|
| 650 | 4 |
_aDiabetes _xAspectos nutricionales _99374 |
|
| 650 | 4 |
_aDieta sin azúcar _951123 |
|
| 700 | 1 |
_aGarcía González, Rosario, _951124 |
|
| 700 | 1 |
_aEspinosa Pérez, María Elena _eed. _951125 |
|
| 700 | 1 |
_aHernández Váldez, Emilio _eed. _951126 |
|
| 710 | 2 |
_aInstituto Nacional de Endocrinología _951127 |
|
| 049 | _aBNGR | ||
| 999 |
_c24392 _d24392 |
||